Giáo trình giải phẫu học
Kaydedildi:
| Yazar: | |
|---|---|
| Materyal Türü: | Kitap |
| Baskı/Yayın Bilgisi: |
[Kđ]
[Knxb]
|
| Konular: | |
| Etiketler: |
Etiketle
Etiket eklenmemiş, İlk siz ekleyin!
|
| Thư viện lưu trữ: | Trung tâm Học liệu Lê Vũ Hùng, Trường Đại học Đồng Tháp |
|---|
| LEADER | 00750pam a22002178a 4500 | ||
|---|---|---|---|
| 001 | 00021577 | ||
| 005 | 20171026081023.0 | ||
| 008 | 110525s ||||||Viesd | ||
| 041 | 0 | # | |a Vie |
| 082 | 1 | 4 | |a 611 |b GI108TR |
| 100 | 0 | # | |a Quách Văn Tĩnh |
| 245 | 0 | 0 | |a Giáo trình giải phẫu học |c Quách Văn Tĩnh |
| 260 | # | # | |a [Kđ] |b [Knxb] |
| 300 | # | # | |a 179 tr. |c 19 cm. |
| 500 | # | # | |a Dự án đào tạo Giáo viên trung học cơ sở chuyên nghành Giáo dục thể chất |
| 650 | # | 4 | |a Con người |
| 653 | # | # | |a Giải phẫu |
| 852 | # | # | |b Kho đọc |j KD.0005507 |
| 852 | # | # | |j KD.0005507 |
| 910 | 0 | # | |a Hoa Lê |d 25/05/2011 |
| 980 | # | # | |a Trung tâm Học liệu Lê Vũ Hùng, Trường Đại học Đồng Tháp |